Welcome to the Holygrace Academy Library

Please use search bar below to get started

KAPPIMOOPPANTE KADANUBHAVANGAL (Record no. 5524)

MARC details
000 -LEADER
fixed length control field 00351nam a22001457a 4500
020 ## - INTERNATIONAL STANDARD BOOK NUMBER
ISBN 93-80696-80-5
082 ## - DEWEY DECIMAL CLASSIFICATION NUMBER
Classification number 894.812
Item number PAZ/K
100 ## - MAIN ENTRY--AUTHOR NAME
Personal name PAZHOOKKARAN, JOSE
245 ## - TITLE STATEMENT
Title KAPPIMOOPPANTE KADANUBHAVANGAL
260 ## - PUBLICATION, DISTRIBUTION, ETC. (IMPRINT)
Place of publication KANNUR
Name of publisher KAIRALI BOOKS
Year of publication 2012
300 ## - PHYSICAL DESCRIPTION
Number of Pages 106
520 ## - SUMMARY, ETC.
Summary, etc ABUBHAVAKKURIPPUKAL
650 ## - SUBJECT ADDED ENTRY--TOPICAL TERM
Topical Term ANUBHAVAKKURIPPUKAL
942 ## - ADDED ENTRY ELEMENTS (KOHA)
Koha item type Books
Holdings
Withdrawn status Lost status Collection code Home library Current library Shelving location Date acquired Source of acquisition Cost, normal purchase price Full call number Accession Number Koha item type
    Fiction Main Library Main Library SHELF-16L- MALAYALAM BIOGRAPHY,STUDIES/CRITICISM 03/12/2013 Purchase 90.00 894.812 PAZ/K 07286 Books